00676 2200229 4500001002100000005001500021035002000036007000300056008004100059020002200100082001000122084001600132100001300148245009700161250002600258260003700284300003100321650002600352700002800378990002000406990002000426INLIS00000000134709720250717023204 a0010-0725000108ta250717 0  a978-602-1101-27-8 a741.5 a741.5 ARL w0 aArleen A1 aWoli ingin melihat dunia :bWoli wants to see the world /cArleen A; ilustrator, Farina Rose aCetakan pertama, 2017 aBandung :bYayasan Litara,c2017 a24 hlm. :bilus. ;c23 cm. 4aBuku cerita bergambar0 ailustrator, Farina Rose a00512/PMDM/2025 a00513/PMDM/2025